| 000 | 00928nam a22002417a 4500 | ||
|---|---|---|---|
| 003 | OSt | ||
| 005 | 20250219132208.0 | ||
| 008 | 231111b ||||| |||| 00| 0 eng d | ||
| 040 | _c0 | ||
| 082 | _aDPer 370.763 So131 January-December 2022 v.113 n. 1-6 | ||
| 100 |
_aSaylor, Elizabeth. _eauthor. _949917 |
||
| 245 |
_aThe first amendment, religious freedom, and public schools in the South / _cElizabeth Saylor, Sohyun An, and Lisa Brown Buchanan. |
||
| 260 |
_aPhiladelphia ; _bTaylor & Francis Group, _cMay-June 2022. |
||
| 300 |
_avolume 113, pages 125-136, _billustration. |
||
| 500 | _aThe Social Studies, v. 113, no. 3, pages 125-136, May-June 2022. | ||
| 650 |
_aReligion. _949918 |
||
| 650 |
_aEducation. _949919 |
||
| 650 |
_aTeachers. _949920 |
||
| 700 |
_aSaylor, Elizabeth. _eauthor. _949917 |
||
| 700 |
_aAn, Sohyun. _eauthor. _949921 |
||
| 700 |
_aBuchanan, Lisa Brown. _eauthor. _949922 |
||
| 942 |
_2ddc _cPER |
||
| 999 |
_c18408 _d18408 |
||